=LDR 00000nam 2200000 4500 =001 INLIS000000000011476 =005 20130612103033 =008 ***********************************Ind** =035 ##$$0010-061300000011476 =041 ##$$a Ind =082 ##$$a 381.413 18 =090 ##$$a 381.413 18, Naz k =100 ##$$a Nazaruddin =245 ##$$a Komoditi Ekspor Pertanian perikanan dan peternakan , Nazaruddin =260 ##$$a 1993 $b Jakarta =300 ##$$a IV, 68 hlm, ilus, 21 cm =650 ##$$a Perdagangan dalam negri =850 ##$$a NBPNMAT